[Event "IECG CC.2005.0.00109 email"]
[Site "IECG email"]
[Date "2005.01.16"]
[Round "?"]
[White "Planken, Paul"]
[Black "Ellis, Kevin"]
[Result "1-0"]
[WhiteElo "1700"]
[BlackElo "1765"]
[PlyCount "23"]
[EventDate "2005.01.16"]
[EventType "tourn (corr)"]
[EventRounds "6"]
[SourceTitle "Corr 2024"]
[Source "ChessBase"]
[SourceDate "2023.10.19"]
[SourceVersion "1"]
[SourceVersionDate "2023.10.19"]
[SourceQuality "1"]

1. e4 e6 2. d4 d5 3. Nd2 Nf6 4. e5 Nfd7 5. Bd3 c5 6. c3 Nc6 7. Ne2 cxd4 8. cxd4 f6 9. exf6 Nxf6 10. Nf3 Bd6 11. 0-0 Qc7 12. Bg5 1-0